000 00391nam a2200157 4500
020 _a9788176903707
082 _aM080 007
_bRAJ/K
100 _aRajan K
245 _aKoottuvazhi/
_cby Rajan K
260 _aThrissur:
_bKerala Sahitya Academy,
_c2017.
300 _a126p.
650 _aLiterature Malayalam Study
650 _aLiterature Malayalam
650 _aLiterature
942 _cBK
999 _c181584
_d181584